[Event "Nakhchivan Sunday IM 04 2nd"]
[Site "Nakhchivan"]
[Date "2022.04.10"]
[Round "1"]
[White "Alavi, Homa"]
[Black "Ilyasli, Ughur"]
[Result "1-0"]
[WhiteElo "2003"]
[BlackElo "2347"]
[PlyCount "135"]
[EventDate "2022.04.10"]
[EventType "tourn"]
[EventRounds "9"]
[EventCountry "AZE"]
[EventCategory "1"]
[SourceTitle "CBM 207 Extra"]
[Source "ChessBase"]
[SourceDate "2022.05.31"]
[SourceVersion "1"]
[SourceVersionDate "2022.05.31"]
[SourceQuality "1"]

1. d4 Nf6 2. Nf3 g6 3. Nc3 d5 4. Bf4 Bg7 5. Nb5 Na6 6. e3 c6 7. Nc3 Qb6 8. a3 Nh5 9. Bg5 f6 10. Bh4 0-0 11. b4 e5 12. Na4 Qc7 13. Bxa6 bxa6 14. c3 g5 15. Bg3 Bg4 16. Qc2 Rae8 17. Nd2 Nf4 18. 0-0 Ne2+ 19. Kh1 Nxg3+ 20. fxg3 exd4 21. exd4 Re2 22. Rae1 Qe7 23. Qc1 Re8 24. Rxe2 Qxe2 25. h3 Re3 26. hxg4 Rxg3 27. Rg1 Qxg4 28. Nf1 Bf8 29. Qe1 Bd6 30. Nh2 Qe4 31. Qxe4 dxe4 32. Re1 f5 33. Nf1 Rd3 34. Kg1 g4 35. Kf2 g3+ 36. Ke2 f4 37. Nd2 Re3+ 38. Kf1 Rxe1+ 39. Kxe1 f3 40. Kf1 fxg2+ 41. Kxg2 e3 42. Nf3 a5 43. Nc5 axb4 44. axb4 e2 45. Ne4 Bf4 46. Ne1 Kf7 47. Kf3 Bc7 48. Kxe2 a5 49. bxa5 Bxa5 50. Ng2 Bc7 51. Kf3 Ke6 52. Ne3 h5 53. Nxg3 h4 54. Ne4 Bd8 55. Kg4 Be7 56. c4 Bd8 57. Ng5+ Kf6 58. Nf3 Ba5 59. Kxh4 Ke6 60. Kg4 Bc7 61. Ng5+ Kf6 62. Ne4+ Ke6 63. Kf3 Bb8 64. Nc5+ Ke7 65. Ke4 Bh2 66. Ng4 Bg3 67. Ne5 Kd6 68. Nb7+ 1-0

[Event "Motiva Online Blitz (Women)"]
[Site "Chess.com INT"]
[Date "2021.12.18"]
[Round "6"]
[White "Alavi, Homa"]
[Black "Maltsevskaya, Aleksandra"]
[Result "0-1"]
[WhiteElo "2003"]
[BlackElo "2400"]
[PlyCount "86"]
[EventDate "2021.12.18"]
[EventType "swiss (blitz)"]
[EventRounds "13"]
[EventCountry "USA"]
[SourceTitle "CBM 205 Extra"]
[Source "ChessBase"]
[SourceDate "2022.01.31"]
[SourceVersion "1"]
[SourceVersionDate "2022.01.31"]
[SourceQuality "1"]

1. d4 Nf6 2. Nf3 g6 3. Bg5 Bg7 4. Nbd2 d5 5. c3 Nbd7 6. e3 c5 7. Bd3 0-0 8. Qe2 Qb6 9. Rb1 Re8 10. Ne5 Nxe5 11. dxe5 Ng4 12. Bc2 Nxe5 13. f4 Bg4 14. Qf2 Nc6 15. h3 Bd7 16. 0-0 d4 17. exd4 cxd4 18. Nc4 Qc7 19. Bb3 Be6 20. Ne5 Bxb3 21. axb3 dxc3 22. bxc3 f6 23. Nxc6 fxg5 24. Nd4 Qxf4 25. Qxf4 gxf4 26. Ne6 Bxc3 27. Nc7 e5 28. Nxa8 Rxa8 29. Rbc1 Bd4+ 30. Kh1 b5 31. Rfe1 a5 32. Rc7 a4 33. bxa4 bxa4 34. Re2 a3 35. Ra2 e4 36. Kh2 f3 37. Rc4 f2 38. Rxd4 f1Q 39. Rxe4 Qf5 40. Ree2 h5 41. Rf2 Qe5+ 42. Kh1 Rb8 43. g3 Qxg3 0-1

[Event "Motiva Online Blitz (Women)"]
[Site "Chess.com INT"]
[Date "2021.12.18"]
[Round "1"]
[White "Alavi, Homa"]
[Black "Mitkova, Victoria Elizabeth"]
[Result "1-0"]
[WhiteElo "2003"]
[BlackElo "1118"]
[PlyCount "47"]
[EventDate "2021.12.18"]
[EventType "swiss (blitz)"]
[EventRounds "13"]
[EventCountry "USA"]
[SourceTitle "CBM 205 Extra"]
[Source "ChessBase"]
[SourceDate "2022.01.31"]
[SourceVersion "1"]
[SourceVersionDate "2022.01.31"]
[SourceQuality "1"]

1. d4 Nf6 2. c4 e6 3. Nf3 c6 4. a3 d5 5. Nc3 dxc4 6. Ne5 Bd6 7. Nxc4 0-0 8. e4 Na6 9. e5 Bxe5 10. dxe5 Nd7 11. Bd3 b5 12. Ne3 Nxe5 13. Bc2 Nd7 14. 0-0 h6 15. Qd3 g6 16. Ng4 Kh7 17. Nxh6 Qf6 18. Ng4 Qe7 19. Qh3+ Kg8 20. Ne4 Nac5 21. Bg5 Qe8 22. Ngf6+ Nxf6 23. Nxf6+ Kg7 24. Qh7# 1-0

[Event "Motiva Online Blitz (Women)"]
[Site "Chess.com INT"]
[Date "2021.12.18"]
[Round "3"]
[White "Divya, Deshmukh"]
[Black "Alavi, Homa"]
[Result "1-0"]
[WhiteElo "2301"]
[BlackElo "2003"]
[PlyCount "65"]
[EventDate "2021.12.18"]
[EventType "swiss (blitz)"]
[EventRounds "13"]
[EventCountry "USA"]
[SourceTitle "CBM 205 Extra"]
[Source "ChessBase"]
[SourceDate "2022.01.31"]
[SourceVersion "1"]
[SourceVersionDate "2022.01.31"]
[SourceQuality "1"]

1. e4 c5 2. Nf3 g6 3. d4 cxd4 4. Qxd4 Nf6 5. Nc3 Nc6 6. Qa4 d6 7. e5 dxe5 8. Nxe5 Bd7 9. Nxd7 Qxd7 10. Be3 Bg7 11. Rd1 Qc8 12. Be2 0-0 13. 0-0 a6 14. Qh4 Ne5 15. Qf4 Neg4 16. Bc1 h5 17. h3 Nh6 18. Bd3 b5 19. Rfe1 Ra7 20. Be3 Rd7 21. Qb4 Rfd8 22. a4 Nd5 23. Nxd5 Rxd5 24. axb5 axb5 25. Bxh6 Bxh6 26. Qxe7 Bg7 27. Qb4 Bf8 28. Qb3 Bc5 29. Re2 b4 30. Rde1 Qc7 31. Re8+ Rxe8 32. Rxe8+ Kg7 33. Qxd5 1-0

[Event "Motiva Online Blitz (Women)"]
[Site "Chess.com INT"]
[Date "2021.12.18"]
[Round "4"]
[White "Matveeva, Olga"]
[Black "Alavi, Homa"]
[Result "0-1"]
[WhiteElo "2171"]
[BlackElo "2003"]
[PlyCount "126"]
[EventDate "2021.12.18"]
[EventType "swiss (blitz)"]
[EventRounds "13"]
[EventCountry "USA"]
[SourceTitle "CBM 205 Extra"]
[Source "ChessBase"]
[SourceDate "2022.01.31"]
[SourceVersion "1"]
[SourceVersionDate "2022.01.31"]
[SourceQuality "1"]

1. d4 Nf6 2. c4 g6 3. g3 Bg7 4. Bg2 0-0 5. Nc3 d6 6. Nf3 Nc6 7. 0-0 e5 8. d5 Nb8 9. e4 a5 10. Ne1 Na6 11. Nd3 Nd7 12. Be3 f5 13. f4 Ndc5 14. Rb1 b6 15. fxe5 Nxd3 16. Qxd3 Bxe5 17. Bd4 Nc5 18. Qe3 Qf6 19. Bxe5 Qxe5 20. Kh1 Bd7 21. Rbe1 Rae8 22. Qh6 fxe4 23. Rxf8+ Rxf8 24. Qe3 Bf5 25. Nb5 Qxb2 26. Nxc7 Qxa2 27. Qd4 Nd3 28. Rf1 Qb2 29. Nb5 Qxd4 30. Nxd4 a4 31. h3 a3 32. g4 Bd7 33. Ra1 e3 34. Be4 Nf2+ 35. Kg2 Nxe4 36. Rxa3 Rf2+ 37. Kg1 e2 38. Nxe2 Rxe2 39. Ra7 Be8 40. Rb7 Kf8 41. Rxb6 Rc2 42. Rb7 Rxc4 43. Rxh7 Rd4 44. Rh8+ Kf7 45. Rh7+ Kf6 46. Rh8 Bf7 47. Rf8 Kg7 48. Rd8 Bxd5 49. Kh2 Ng5 50. Kg3 Rd2 51. h4 Ne4+ 52. Kf4 Rf2+ 53. Ke3 Rf1 54. h5 gxh5 55. gxh5 Kh6 56. Rh8+ Kg5 57. h6 Nf6 58. Kd4 Be4 59. Ke3 Re1+ 60. Kd4 Rd1+ 61. Ke3 d5 62. Rf8 Nh7 63. Rg8+ Kxh6 0-1

[Event "Motiva Online Blitz (Women)"]
[Site "Chess.com INT"]
[Date "2021.12.18"]
[Round "12"]
[White "Peycheva, Gergana"]
[Black "Alavi, Homa"]
[Result "0-1"]
[WhiteElo "2342"]
[BlackElo "2003"]
[PlyCount "64"]
[EventDate "2021.12.18"]
[EventType "swiss (blitz)"]
[EventRounds "13"]
[EventCountry "USA"]
[SourceTitle "CBM 205 Extra"]
[Source "ChessBase"]
[SourceDate "2022.01.31"]
[SourceVersion "1"]
[SourceVersionDate "2022.01.31"]
[SourceQuality "1"]

1. d4 Nf6 2. c4 g6 3. Nc3 Bg7 4. e4 d6 5. Nf3 0-0 6. Be2 e5 7. 0-0 exd4 8. Nxd4 Re8 9. f3 c6 10. Kh1 Nbd7 11. Bf4 Nh5 12. Bxd6 Qf6 13. e5 Nxe5 14. Ne4 Qh4 15. Qe1 Qf4 16. Rd1 Qh6 17. Qf2 f5 18. Ng3 Nf7 19. Nxh5 Qxh5 20. c5 Nxd6 21. cxd6 Be5 22. Bc4+ Kh8 23. f4 Bxd6 24. Nxc6 Bf8 25. Ne5 Be6 26. Bxe6 Rxe6 27. Nf7+ Kg8 28. Ng5 Re7 29. Qd4 h6 30. Qd5+ Kh8 31. Nf7+ Kg7 32. Ne5 g5 0-1